000 00973nam a22003017a 4500
003 CHAP
005 20220329133222.0
008 971013s1987 r 10010 d
010 _a3530
011 _a4502
035 _a3706
040 _cCHAP
082 _a631.6
_bN3 1987
111 0 0 _aNational Drainage Symposium (
_n5
_d: 1987
_c: Chicago, Illinois)
_980340
245 _aDrainage design and management
_b: proceedings
260 _aSt. Joseph, Michiagan :
_bAmerican Society of Agricultural Engineers,
_c1987
300 _a439 p.
_b; gráfs
490 _aASAE publication
_v; 07-87
500 _aD50-99
590 _aBATCH-UPD
_b10
_c20130110
_lUCH01
_h1422
590 _aCONVERSION
_b10
_c20130109
_lUCH01
_h1303
650 1 4 _aDrenaje.
_934190
650 1 4 _aDrenaje
_xCongresos.
_934197
830 0 _aASAE publication
_v; 07-87
_97836
901 _aBK
942 _cLIBRO
949 _a631.6 N3 1987
_bBC
_cLIBRO
_d33724000091070
_eLIBRO
_gI.158014
_h79757
_i3706
_si
_t195.65
999 _c3530
_d3530